书目信息 |
| 题名: |
河姆渡遗址
|
|
| 作者: | 李忠丽 编著 | |
| 分册: | ||
| 出版信息: | 长春 吉林文史出版社 2010 |
|
| 页数: | 120页, [1] 页图版 | |
| 开本: | 23cm | |
| 丛书名: | 中国文化知识读本 | |
| 单 册: | ||
| 中图分类: | K878.04 , K871.13 | |
| 科图分类: | ||
| 主题词: | 新石器时代文化--Xin Shi Qi Shi Dai Wen Hua--文化遗址--简介--浙江省--余姚市 | |
| 电子资源: | ||
| ISBN: | 978-7-5463-1583-6 | |
| 000 | 00964nam 2200277 45 | |
| 001 | 012001010368 | |
| 005 | 20131101163144.0 | |
| 010 | @a978-7-5463-1583-6@dCNY34.80 | |
| 099 | @aCAL 012010198982 | |
| 100 | @a20100930d2010 em y0chiy50 ea | |
| 101 | 0 | @achi |
| 102 | @aCN@b220000 | |
| 105 | @aaf z 000yy | |
| 106 | @ar | |
| 200 | 1 | @a河姆渡遗址@AHe Mu Du Yi Zhi@f编著李忠丽 |
| 210 | @a长春@c吉林文史出版社@d2010 | |
| 215 | @a120页, [1] 页图版@c图@d23cm | |
| 225 | 2 | @a中国文化知识读本@AZhong Guo Wen Hua Zhi Shi Du Ben |
| 330 | @a本书内容包括:河姆渡遗址的地理位置、曲折神奇的发现过程、河姆渡人创造了人间奇迹、独具特色的文化遗存、热闹非凡的动植物王国等。 | |
| 410 | 0 | @12001@a中国文化知识读本 |
| 606 | 0 | @a新石器时代文化@AXin Shi Qi Shi Dai Wen Hua@x文化遗址@x简介@y浙江省@y余姚市 |
| 690 | @aK878.04@v4 | |
| 690 | @aK871.13@v4 | |
| 701 | 0 | @a李忠丽@ALi Zhong Li@4编著 |
| 801 | 2 | @aCN@b上海新华@c20191020 |
| 905 | @b1181420-3@dK878.04@e461@f4 | |
| 河姆渡遗址/编著李忠丽.-长春:吉林文史出版社,2010 |
| 120页, [1] 页图版:图;23cm.-(中国文化知识读本) |
| ISBN 978-7-5463-1583-6:CNY34.80 |
| 本书内容包括:河姆渡遗址的地理位置、曲折神奇的发现过程、河姆渡人创造了人间奇迹、独具特色的文化遗存、热闹非凡的动植物王国等。 |
| ● |
| 相关链接 |
|
|
|
|
正题名:河姆渡遗址
索取号:K878.04/461
 
预约/预借
| 序号 | 登录号 | 条形码 | 馆藏地/架位号 | 状态 | 备注 |
| 1 | 1181420 | 211814205 | 第二样本阅览室/ [索取号:K878.04/461] | 在馆 | |
| 2 | 1181421 | 211814214 | 第二借阅区/ [索取号:K878.04/461] | 在馆 | |
| 3 | 1181422 | 211814223 | 第二借阅区/ [索取号:K878.04/461] | 在馆 | |
| 4 | 1181423 | 211814232 | 第二借阅区/ [索取号:K878.04/461] | 在馆 |